000 00637nas a2200229 4500
001 BR7305231
003 BR-BrBNA
005 20231205082515.0
007 ta
008 230509b bl.|||p| |||| 00| 00por d
040 _aBR-BrBNA
_bpor
_cBiblioteca Nacional de Agricultura
041 _a(Pt)
072 _aL73
100 1 _aAnon.
245 1 _aBouba e Newcastle, vacinar [galinha]
650 _aGALINHA
650 _aBOUBA AVIARIA
650 _aNEWCASTLE
773 0 _tAgricultura e Pecuaria (Brazil)
_xISSN 0100-249X
_g(Apr 1976), (no. 609) p. 16-17
_wBR7305231
909 _a202311
_bLúcia
_c55
_dLúcia Elande
942 _2AGRIS
_n0
_cANA
999 _c92391
_d92391